| 000 | 00780nam a2200229Ia 4500 | ||
|---|---|---|---|
| 003 | OSt | ||
| 005 | 20240328125714.0 | ||
| 008 | 210210b1980 xxu||||| |||| 00| 0 eng d | ||
| 040 | _cAL | ||
| 041 | _aKannada | ||
| 082 | _aK894.9 MARB | ||
| 100 |
_aMARULASIDDHAYYA (Sa Shi). _9135723 _dಮರುಳಸಿದ್ದಯ್ಯ (ಸಾ.ಶಿ.) |
||
| 245 |
_aBharatiya jnanapitha prashasti vijeta kannadigaru. _bಭಾರತೀಯ ಜ್ಞಾನಪೀಠ ಪ್ರಶಸ್ತಿ ವಿಜೇತ ಕನ್ನಡಿಗರು |
||
| 260 |
_aBengaluru _bVishvavidyalaya _c1980 |
||
| 300 | _axvi,162 | ||
| 650 |
_a Kuvempu _9135724 |
||
| 650 |
_aShivarama Karanta _9135725 |
||
| 650 |
_aBendre _9135726 |
||
| 690 |
_aKannada Criticism _9135727 |
||
| 906 | _a036237 | ||
| 942 |
_2ddc _cBK |
||
| 999 |
_c86738 _d86738 |
||